Même lettre de début et de fin - Géographie - Statistiques

Statistiques générales
  • Ce quiz a été pris 297 fois
  • Le résultat moyen est 14 sur 23
Statistiques - réponses
Lettre Indice Réponse % Correct
O Capitale de la Norvège Oslo
96%
D Symbole Israélien : Etoile de ____ David
89%
B Arbre célèbre de Madagascar Baobab
87%
A Pays avec le plus de lusophone d'Afrique Angola
82%
T Lhasa est la capitale de cette région himalayenne Tibet
81%
A Plus grand état américain Alaska
79%
E Nom irlandais pour l'Irlande Éire
78%
O Ville de Floride connu pour ses nombreux parcs d'attractions Orlando
78%
E Fleuve près du Tigre Euphrate
75%
L Ville portuaire au nord-ouest de l'Angleterre Liverpool
75%
R Compagnie aérienne irlandaise à bas prix Ryanair
73%
S Capitale de la Réunion Saint-Denis
69%
S Pays insulaire de l'océan indien Seychelles
67%
O Province de Toronto Ontario
61%
N 日本, le nom japonais pour le Japon Nihon
53%
R Grande zone de stockage d'eau Réservoir
51%
G Deuxième plus grande ville de Suède Göteborg
49%
D Ville de la Ruhr Dortmund
41%
A Plus haute montagne d'Amérique du Sud Aconcagua
40%
H Parti politique et groupe islamise libanais Hezbollah
34%
A Ville ou se trouve le Taj Mahal Agra
33%
U L'autre nom d'Ayers Rock Uluru
31%
N Nom du château qui a inspire le chateau de la Belle au bois dormant Neuschwanstein
11%
Aucun quiz correspondant
Distribution des résultats
% des personnes avec chaque résultat
Percentile par nombre de réponses
Votre historique - résultats
Vous n’avez pas pris ce quiz